书目信息 |
| 书名: | The language of the air force in English | |
| 作者: | ||
| 分册号: | ||
| 分册名: | 出版地: | New York : |
|
| 出版社: | Regents Pub. Co., Inc | |
| 出版时间: | 1976. | |
| 页数: | 106 p. : | |
| 开本: | 20020930 | |
| 丛书名: | ||
| 中图分类号: | ||
| 科图分类号: | ||
| 其他分类号: | H31 | |
| 主题词: | ||
| 电子资源: | ||
| 000 | 00526nam 2200193 a 4500 | |
| 001 | E0761792102 | |
| 005 | 20070227171317.82 | |
| 008 | uu | |
| 020 | @a0-88345-271-5. | |
| 040 | @aNLC | |
| 049 | @aN5LA | |
| 090 | @aH31 | |
| 096 | @aH315 @v2 | |
| 099 | @dH31@ex137 | |
| 100 | 1 | @aCartier, Francis A. |
| 245 | 14 | @aThe language of the air force in English |
| 260 | @aNew York :@bRegents Pub. Co., Inc.,@c1976. | |
| 300 | @a106 p. :@b00 ;@c20020930@lNLC09@h2244@lNLC09@h2231@lNLC09@h1822 | |
| 852 | 9 | @bWWJC @cJ08S @k2 @hH315 @iCFA |
| The language of the air force in English.-New York : : Regents Pub. Co., Inc., , 1976. |
| 106 p. : : 00 ; ; 20020930 |
| ISBN 0-88345-271-5. |
| ● |
| 相关链接 |
|
|
|
|
正题名:language of the air force in English
索取号:H31/x137
 
预约/预借
| 序号 | 登录号 | 条形码 | 馆藏地/架位号 | 状态 | 备注 |
| 1 | 73840 | 001038638 | 第四借阅区/ [索取号:H31/x137] | 在馆 |